Score 0/42 Timer 04:00
1 Play Today
Hint 4-Letter Word % Correct
US President (1989–1993)BUSH
96.1%
US President (2001–2009)BUSH
96.1%
His and ____HERS
92.3%
Noise made by a snakeHISS
91.3%
Group of cattleHERD
90.5%
US President (1974–1977)FORD
90.1%
Bend (paper, etc.) over upon itselfFOLD
89%
The flesh of a pigPORK
88.9%
Point where a road dividesFORK
88.6%
Successful movies or pop songsHITS
88.4%
Actor's part in a playROLE
87.7%
Champagne bottle stopperCORK
86.7%
Detained in prisonHELD
86.5%
Have or occupy (a job or position)HOLD
86.5%
Noise made by an owlHOOT
85.7%
Deputy German Führer (1933–1941)HESS
84.4%
US President (1845–1849)POLK
82.9%
Dorothy Gale's dogTOTO
82.7%
Come to an abrupt stopHALT
80.9%
President Lech Wałęsa for instancePOLE
79%
TV alien played by Robin WilliamsMORK
77.5%
Hint 4-Letter Word % Correct
Movie pirate played by Dustin HoffmanHOOK
77.3%
Make (someone) annoyedRILE
75.2%
Politician: Santorum or PerryRICK
73.1%
Not clothed or coveredBARE
72.9%
Australian Prime Minister (1966–1967)HOLT
72.3%
Party or social eventBASH
71.9%
Australian Prime Minister (1913–1914)COOK
71.6%
Austin Powers' lost thisMOJO
68.9%
US Secretary of State (2005–2009)RICE
67.6%
Yugoslavian President (1953–1963)TITO
65.4%
Lowest part or edge of somethingBASE
64%
Japanese Prime Minister (1941–1944)TOJO
63.5%
Small colorful insectivorous birdsTITS
62.2%
Italian Prime Minister (1963–1968)MORO
60.7%
US President (1909–1913)TAFT
57.5%
Play street music for voluntary donationsBUSK
55.1%
Handle of a knife, axe or swordHAFT
50.9%
Having a sharp pungent tasteTART
48.3%
Weedy annual grassTARE
44.2%
US Secretary of State (1961–1969)RUSK
41.4%
Tightly packed crowd of peopleRUCK
39.2%

Today's Daily Dose

Missing Word
'T' Pairs

Word Ladder
Game Pieces

Get the Picture
Baseball Movies

Remove Ads.
Support Sporcle.
Get the best of Sporcle when you Go Orange. This ad-free experience offers more features, more stats, and more fun while also helping to support Sporcle. Thank you for becoming a member.

You're not logged in!

Compare scores with friends on all Sporcle quizzes.
OR
Log In

Show Comments

Extras

Top Quizzes Today


Score Distribution

Your Account Isn't Verified!

In order to create a playlist on Sporcle, you need to verify the email address you used during registration. Go to your Sporcle Settings to finish the process.

Report this User

Report this user for behavior that violates our Community Guidelines.

Details: